El orden del futuro (Registro nro. 3882)

Detalles MARC
000 -LEADER
fixed length control field 01183 a2200217 4500
001 - CONTROL NUMBER
control field 45031
005 - DATE AND TIME OF LATEST TRANSACTION
control field 20260407155725.0
008 - FIXED-LENGTH DATA ELEMENTS--GENERAL INFORMATION
fixed length control field 260407a1981 arg spa d
003 - CONTROL NUMBER IDENTIFIER
control field AR-UNSa-BCEJYS
040 ## - CATALOGING SOURCE
Original cataloging agency AR-UNSa-BCEJYS
Language of cataloging spa
Transcribing agency AR-UNSa-BCEJYS
080 ## - UNIVERSAL DECIMAL CLASSIFICATION NUMBER
Universal Decimal Classification number 330.342.146
Common auxiliary subdivision Economía social de mercado. Economía del estado del bienestar<br/>
041 ## - LANGUAGE CODE
Language code of text/sound track or separate title spa
100 1# - MAIN ENTRY--PERSONAL NAME
Personal name Müller- Armack, Alfred
245 10 - TITLE STATEMENT
Title El orden del futuro
264 #1 - PRODUCTION, PUBLICATION, DISTRIBUTION, MANUFACTURE, AND COPYRIGHT NOTICE
Place of production, publication, distribution, manufacture Buenos Aires :
Name of producer, publisher, distributor, manufacturer EUDEBA (Editorial Universitaria de Buenos Aires)
Date of production, publication, distribution, manufacture, or copyright notice 1981
300 ## - PHYSICAL DESCRIPTION
Extent viii, 284 p.
Dimensions 23 cm.
505 ## - FORMATTED CONTENTS NOTE
Formatted contents note 1. Economía social de mercado : hoy y mañana – 2. Forma y contenido – 3. La economía social de mercado a un cuarto de siglo de su puesta a prueba – 4. La controversia ideológica. La futura sociedad comunista. Una alternativa de la economía social de mercado – 5. Contestaciones político-económicas a los desafíos de nuestros tiempos – 6. Respuestas político-sociales a los desafíos de nuestro tiempo – 7. La economía social de mercado como modelo internacional – 8. Entre oriente y occidente.
590 ## - LOCAL NOTE (RLIN)
Local note niveau_biblio:m niveau_hierar:0
700 1# - ADDED ENTRY--PERSONAL NAME
Personal name Erhard, Ludwig
942 ## - ADDED ENTRY ELEMENTS (KOHA)
Koha item type
Existencias
Withdrawn status Lost status Damaged status Not for loan Home library Current library Shelving location Date acquired Total checkouts Full call number Barcode Date last seen Price effective from Koha item type
        Biblioteca Prof. Eusebio Cleto del Rey Biblioteca Prof. Eusebio Cleto del Rey   07/04/2026   330.342.146 E65 L33754 07/04/2026 07/04/2026 Libro